Score 0/48 Timer 08:00
7 Plays Today
Row, Column Person % Correct
Row 3Mona Lisa
92.2%
Row 5Scooby Doo
91%
Row 3Woody
88.4%
Row 1Cleopatra VII
86.1%
Row 6Elmo
85.8%
Row 3Tony the Tiger
84.7%
Row 5Charlie Brown
84.4%
Row 5Will Smith
84%
Row 3Genie
83.9%
Row 6Daffy Duck
83%
Row 1Donkey Kong
78.8%
Row 6George Washington
77.1%
Row 2Wolverine
76.5%
Row 5Marilyn Manson
72.7%
Row 1Willy Wonka
72.7%
Row 6Betty Suarez
72.6%
Row 4Jake Sully
72.5%
Row 5Kool Aid man
72.5%
Row 1Death
69.4%
Row 6Marilyn Monroe
66.1%
Row 5Jason Voorhees
65%
Row 3Hellboy
61.3%
Row 6Cherilyn 'Cher' Sarkisian
61.1%
Row 2Gandalf the Grey
60.9%
Row, Column Person % Correct
Row 6Julius Caesar
54.9%
Row 3Woody Allen
54.5%
Row 6Gautama Buddha
50.9%
Row 4Chuck Norris
50%
Row 2Blackbeard
44.9%
Row 5Beetlejuice
43.8%
Row 4Indiana Jones
42.8%
Row 4Austin Powers
37.8%
Row 1Roger Federer
37.3%
Row 3Son Goku
36.1%
Row 2Oliver Hardy
34.8%
Row 2Master Chief
31.8%
Row 4Johnny Cash
30.4%
Row 1George Lucas
29.4%
Row 1Stephen Hawking
28%
Row 4Salvador Dalí
26.5%
Row 3Malcolm X
26%
Row 2The Black Knight
23%
Row 1Pope Benedict XVI
21.5%
Row 5Karl Marx
20.7%
Row 4Rihanna
20.7%
Row 2Freddie Mercury
20%
Row 4Andy Pipkin
14.1%
Row 2Mahmoud Ahmadinejad
10%
Remove Ads.
Support Sporcle.
Get the best of Sporcle when you Go Orange. This ad-free experience offers more features, more stats, and more fun while also helping to support Sporcle. Thank you for becoming a member.

You're not logged in!

Compare scores with friends on all Sporcle quizzes.
OR
Log In

Sporcle TV

Today on Sporcle TV


Watch our educational content, quiz creation guides, and fun videos on Sporcle TV.

Show Comments

Extras

Top Quizzes Today


Score Distribution

Paid Content

Your Account Isn't Verified!

In order to create a playlist on Sporcle, you need to verify the email address you used during registration. Go to your Sporcle Settings to finish the process.

Report this User

Report this user for behavior that violates our Community Guidelines.

Details: